Hliněné dny /
Hlavním hrdinou je nadějný lékař, Jan Švarc. Mladý muž, vyrůstající během druhé světové války a v padesátých letech dvacátého století v komunistickém Československu, je zprvu velmi chráněn a protěžován především svou matkou. Teprve v dospělosti, kdy se má postavit na vlastní nohy a osvědčit se nejpr...
Uloženo v:
| Hlavní autor: | |
|---|---|
| Médium: | E-kniha |
| Jazyk: | Czech |
| Vydáno: |
Brno :
Host,
2009
|
| Vydání: | 1. vyd. |
| Témata: | |
| Tagy: |
Žádné tagy |
| LEADER | 02300nam a2200337 a 4500 | ||
|---|---|---|---|
| 001 | 291891 | ||
| 003 | CZ PrSKC | ||
| 005 | 20260407070737.0 | ||
| 007 | ta | ||
| 008 | 090922s2009 xr g 000 f cze | ||
| 015 | |a cnb001995622 | ||
| 020 | |a 9788072943197 |q (váz.) | ||
| 035 | |a (OCoLC)480947819 | ||
| 040 | |a BOA001 |b cze | ||
| 072 | 7 | |a 821.162.3-3 |x Česká próza |2 Konspekt | |
| 080 | |a 821.162.3-32 |2 MRF | ||
| 080 | |a (0:82-32) |2 MRF | ||
| 100 | 1 | |a Beran, Stanislav, |d 1977- |7 mzk2003190522 |4 aut | |
| 245 | 1 | 0 | |a Hliněné dny / |c Stanislav Beran |
| 250 | |a 1. vyd. | ||
| 260 | |a Brno : |b Host, |c 2009 | ||
| 300 | |a 164 s. ; |c 21 cm | ||
| 520 | 2 | |a Hlavním hrdinou je nadějný lékař, Jan Švarc. Mladý muž, vyrůstající během druhé světové války a v padesátých letech dvacátého století v komunistickém Československu, je zprvu velmi chráněn a protěžován především svou matkou. Teprve v dospělosti, kdy se má postavit na vlastní nohy a osvědčit se nejprve jako lékař, a posléze jako zdatný syn, který se postará po smrti otce o svou stárnoucí matku, se ukáže jeho neschopnost a naprostá nemohoucnost, jde-li o mezilidské vztahy a vzájemnou komunikaci. Jeho život se protne s životním sokem nejen v lásce, Petrem Brůnou, chlapcem, kterému narozdíl od Jana naprosto scházelo zázemí a komunistická strana mu nabídla velkou příležitost k realizaci, které využil bohužel beze zbytku. Čímž učinil nešťastnou postupně celou svou rodinu. | |
| 520 | 2 | |a Příběh odehrávající se během druhé poloviny dvacátého století v Čechách. Hlavní hrdina, jedináček starších rodičů, kteří mu umetají cestičku, se v dospělém životě ztrácí v jakémsi neurčitu a prázdnu. | |
| 655 | 7 | |a české novely |7 fd133969 |2 czenas | |
| 655 | 9 | |a Czech novellas |2 eczenas | |
| 900 | |a ABA001 |b 17 | ||
| 044 | |a xr | ||
| 910 | |a RBIT002 | ||
| 998 | |d 223 |a https://core.palmknihy.cz/api/books/223/cover?c6dbx7 |b https://core.palmknihy.cz/api/books/223/cover/400?e9s3jf |c https://core.palmknihy.cz/api/books/223/cover/50?u65oxy |e 2035-12-31 |g 168 |i 9788072943197 |j https://core.palmknihy.cz/api/books/223/preview.epub |k https://core.palmknihy.cz/api/books/223/preview.pdf |l |q 49 |r 1 |s https://www.palmknihy.cz/kniha/223 |t ebook |y 2009 |z 0 | ||
| 999 | |d 291889 | ||